[Event "Mitropa Cup 30th"]
[Site "Merlimont"]
[Date "2011.10.09"]
[Round "2"]
[White "Heimann, Andreas"]
[Black "Zueger, Beat"]
[Result "1-0"]
[WhiteElo "2485"]
[BlackElo "2426"]
[PlyCount "39"]
[EventDate "2011.10.08"]
[EventType "team-tourn"]
[EventRounds "9"]
[EventCountry "FRA"]
[Source "ChessBase"]
[SourceDate "2011.10.28"]
[WhiteTeam "Germany"]
[BlackTeam "Switzerland"]
[WhiteTeamCountry "GER"]
[BlackTeamCountry "SUI"]

1. e4 c5 2. Nf3 e6 3. d4 cxd4 4. Nxd4 a6 5. Bd3 Bc5 6. Nb3 Ba7 7. O-O Nc6 8.
Qg4 Nf6 9. Qxg7 Rg8 10. Qh6 Ne5 11. Be2 d5 12. Nc3 dxe4 13. Bg5 Neg4 14. Qh4 h6
15. Rad1 hxg5 16. Rxd8+ Kxd8 17. Qh3 e5 18. Bxg4 Nxg4 19. Qh7 Nf6 20. Qxf7 1-0

[Event "Mitropa Cup 30th"]
[Site "Merlimont"]
[Date "2011.10.09"]
[Round "2"]
[White "Huschenbeth, Niclas"]
[Black "Kurmann, Oliver"]
[Result "1/2-1/2"]
[WhiteElo "2510"]
[BlackElo "2439"]
[PlyCount "71"]
[EventDate "2011.10.08"]
[EventType "team-tourn"]
[EventRounds "9"]
[EventCountry "FRA"]
[Source "ChessBase"]
[SourceDate "2011.10.28"]
[WhiteTeam "Germany"]
[BlackTeam "Switzerland"]
[WhiteTeamCountry "GER"]
[BlackTeamCountry "SUI"]

1. e4 e6 2. d4 d5 3. Nd2 Nf6 4. e5 Nfd7 5. c3 c5 6. Bd3 Nc6 7. Ne2 cxd4 8. cxd4
f6 9. exf6 Nxf6 10. O-O Bd6 11. Nf3 Qc7 12. g3 O-O 13. Bf4 Ng4 14. Bxd6 Qxd6
15. Nc3 e5 16. dxe5 Qh6 17. h4 Ngxe5 18. Ng5 d4 19. Bxh7+ Kh8 20. f4 Bg4 21.
Qc2 dxc3 22. fxe5 Nd4 23. Qe4 cxb2 24. Rab1 Nf3+ 25. Nxf3 Rxf3 26. Rxf3 Bxf3
27. Qxf3 Kxh7 28. Qc3 Re8 29. Rxb2 Qh5 30. Qc2+ Kh8 31. Rxb7 Qxe5 32. Qf2 Rc8
33. Kh2 Rc4 34. Kh3 Qe6+ 35. Kh2 Qe5 36. Kh3 1/2-1/2

[Event "Mitropa Cup 30th"]
[Site "Merlimont"]
[Date "2011.10.09"]
[Round "2"]
[White "Nuri, Kambez"]
[Black "Bluebaum, Matthias"]
[Result "1/2-1/2"]
[WhiteElo "2309"]
[BlackElo "2388"]
[PlyCount "114"]
[EventDate "2011.10.08"]
[EventType "team-tourn"]
[EventRounds "9"]
[EventCountry "FRA"]
[Source "ChessBase"]
[SourceDate "2011.10.28"]
[WhiteTeam "Switzerland"]
[BlackTeam "Germany"]
[WhiteTeamCountry "SUI"]
[BlackTeamCountry "GER"]

1. e4 e6 2. d4 d5 3. Nc3 Nf6 4. e5 Nfd7 5. f4 c5 6. Nce2 Nc6 7. c3 Qb6 8. Nf3
Be7 9. a3 c4 10. g4 h5 11. gxh5 Rxh5 12. Ng3 Rh8 13. h4 Qc7 14. h5 Nb6 15. Ng5
f6 16. h6 Rxh6 17. Rxh6 gxh6 18. Qh5+ Kd8 19. Nf7+ Kd7 20. f5 Nd8 21. Bf4 Na4
22. Qxh6 Kc6 23. exf6 Nxf7 24. Bxc7 Nxh6 25. fxe7 Bd7 26. Bf4 Ng8 27. O-O-O
Nxe7 28. f6 Rf8 29. Be5 Ng8 30. Nh5 Be8 31. Ng7 Bd7 32. Nh5 Be8 33. Nf4 Bf7 34.
Bh3 Nb6 35. Bxe6 Nd7 36. Bxd7+ Kxd7 37. Rh1 Be6 38. Nh5 Bg4 39. Rh4 Bxh5 40.
Rxh5 Rf7 41. Rg5 Nh6 42. Kd2 Ke6 43. Ke3 Nf5+ 44. Kf4 Nd6 45. Rg7 Ne4 46. Rxf7
Kxf7 47. Kf5 a6 48. Bc7 Nxf6 49. Ke5 b5 50. Ba5 Ng4+ 51. Kxd5 Ne3+ 52. Kc6 Ke6
53. Bb4 Nd5 54. Kb7 Kd7 55. Kxa6 Kc6 56. Bc5 Ne3 57. a4 bxa4 1/2-1/2

[Event "Mitropa Cup 30th"]
[Site "Merlimont"]
[Date "2011.10.10"]
[Round "3"]
[White "Bures, Jaroslav"]
[Black "Barbot, Pierre"]
[Result "1/2-1/2"]
[WhiteElo "2415"]
[BlackElo "2225"]
[PlyCount "142"]
[EventDate "2011.10.08"]
[EventType "team-tourn"]
[EventRounds "9"]
[EventCountry "FRA"]
[Source "ChessBase"]
[SourceDate "2011.10.28"]
[WhiteTeam "Czech Republic"]
[BlackTeam "France III"]
[WhiteTeamCountry "CZE"]
[BlackTeamCountry "FRA"]

1. e4 c5 2. Nf3 Nc6 3. d4 cxd4 4. Nxd4 Nf6 5. Nc3 d6 6. Bg5 e6 7. Qd2 a6 8.
O-O-O Nxd4 9. Qxd4 Be7 10. Bxf6 Bxf6 11. Qxd6 Qxd6 12. Rxd6 Bxc3 13. bxc3 Bd7
14. Kb2 Ke7 15. Rb6 Bc6 16. Bd3 Rhd8 17. e5 Rd5 18. Re1 Rc5 19. g3 Rc8 20. Re3
Rc7 21. c4 h6 22. Kb3 Bd7 23. Kb4 f6 24. f4 Kf7 25. Kb3 Bc8 26. Rd6 Ke7 27. Rd4
Bd7 28. exf6+ gxf6 29. f5 e5 30. Rh4 Be8 31. Rxh6 Bf7 32. Kb2 Bxc4 33. Bxc4
Rxc4 34. Rh7+ Kf8 35. Rxc7 Rxc7 36. Rc3 Rd7 37. Kc1 Ke7 38. Rd3 Rc7 39. Kd2 Rc4
40. Rc3 Ra4 41. Rc7+ Kf8 42. Rxb7 Rxa2 43. Ra7 Ra3 44. c3 Ra2+ 45. Ke3 a5 46.
h4 Rc2 47. Rxa5 Rxc3+ 48. Kf2 Rc7 49. Kf3 Kg7 50. Ra6 Rb7 51. Kg4 Kf7 52. Kh5
Re7 53. Ra3 Kg7 54. Re3 Re8 55. Kg4 Rb8 56. Rc3 Rb7 57. Kh3 Ra7 58. g4 Ra4 59.
Kg3 Ra1 60. Rc7+ Kg8 61. g5 Rg1+ 62. Kf3 fxg5 63. hxg5 Rxg5 64. Ke4 Rg1 65.
Kxe5 Re1+ 66. Kf6 Rf1 67. Rg7+ Kf8 68. Rd7 Kg8 69. Rd8+ Kh7 70. Re8 Rf2 71. Re5
Kg8 1/2-1/2

[Event "Mitropa Cup 30th"]
[Site "Merlimont"]
[Date "2011.10.10"]
[Round "3"]
[White "Krejci, Jan1"]
[Black "Delorme, Alban"]
[Result "1-0"]
[WhiteElo "2489"]
[BlackElo "2306"]
[PlyCount "81"]
[EventDate "2011.10.08"]
[EventType "team-tourn"]
[EventRounds "9"]
[EventCountry "FRA"]
[Source "ChessBase"]
[SourceDate "2011.10.28"]
[WhiteTeam "Czech Republic"]
[BlackTeam "France III"]
[WhiteTeamCountry "CZE"]
[BlackTeamCountry "FRA"]

1. d4 d5 2. c4 e6 3. Nc3 Be7 4. Nf3 Nf6 5. Bg5 O-O 6. e3 b6 7. cxd5 Nxd5 8.
Nxd5 exd5 9. Bxe7 Qxe7 10. Rc1 Qb4+ 11. Qd2 Qxd2+ 12. Kxd2 c6 13. Ne5 Bb7 14.
g3 f6 15. Nd3 Nd7 16. Bh3 Rfd8 17. Bxd7 Rxd7 18. Rc2 Rd6 19. Rhc1 Kf7 20. h4
Rc8 21. Rc3 Rc7 22. a4 Ba6 23. Nb4 Bb7 24. a5 Ke8 25. a6 Bc8 26. Rxc6 Rdxc6 27.
Rxc6 Rxc6 28. Nxc6 Bxa6 29. Kc3 Bf1 30. Nxa7 Kd7 31. Kb4 g5 32. Nb5 g4 33. Nc3
Kc6 34. e4 dxe4 35. d5+ Kd6 36. Nxe4+ Kxd5 37. Nxf6+ Ke5 38. Nxh7 Kf5 39. Kc3
Be2 40. Kd4 Bf1 41. b4 1-0

[Event "Mitropa Cup 30th"]
[Site "Merlimont"]
[Date "2011.10.10"]
[Round "3"]
[White "Stephan, Victor"]
[Black "Zilka, Stepan"]
[Result "0-1"]
[WhiteElo "2302"]
[BlackElo "2517"]
[PlyCount "74"]
[EventDate "2011.10.08"]
[EventType "team-tourn"]
[EventRounds "9"]
[EventCountry "FRA"]
[Source "ChessBase"]
[SourceDate "2011.10.28"]
[WhiteTeam "France III"]
[BlackTeam "Czech Republic"]
[WhiteTeamCountry "FRA"]
[BlackTeamCountry "CZE"]

1. d4 d5 2. c4 c6 3. Nf3 Nf6 4. Nc3 e6 5. Bg5 dxc4 6. e4 b5 7. e5 h6 8. Bh4 g5
9. Nxg5 hxg5 10. Bxg5 Nbd7 11. exf6 Bb7 12. g3 Qb6 13. Bg2 c5 14. d5 O-O-O 15.
O-O b4 16. Rb1 Qa6 17. dxe6 Bxg2 18. e7 Bxf1 19. Qd5 Bxe7 20. fxe7 Bd3 21.
exd8=R+ Rxd8 22. Ne4 Bxb1 23. Nd6+ Kc7 24. Nxf7 Re8 25. Bf4+ Kb6 26. Qd6+ Ka5
27. Qxd7 Re1+ 28. Kg2 Be4+ 29. f3 Bc6 30. Bc7+ Kb5 31. Nd6+ Ka4 32. Qf5 Re2+
33. Kh3 Rxb2 34. g4 c3 35. Kh4 Qe2 36. Nc8 Qe1+ 37. Kh3 Bb5 0-1

[Event "Mitropa Cup 30th"]
[Site "Merlimont"]
[Date "2011.10.10"]
[Round "3"]
[White "Tripoteau, Nicolas"]
[Black "Petr, Martin"]
[Result "1/2-1/2"]
[WhiteElo "2397"]
[BlackElo "2526"]
[PlyCount "96"]
[EventDate "2011.10.08"]
[EventType "team-tourn"]
[EventRounds "9"]
[EventCountry "FRA"]
[Source "ChessBase"]
[SourceDate "2011.10.28"]
[WhiteTeam "France III"]
[BlackTeam "Czech Republic"]
[WhiteTeamCountry "FRA"]
[BlackTeamCountry "CZE"]

1. d4 Nf6 2. Bg5 e6 3. Nd2 h6 4. Bh4 d5 5. e3 c5 6. Ngf3 Nc6 7. Bd3 Qb6 8. dxc5
Qxb2 9. O-O Qc3 10. e4 Bxc5 11. exd5 exd5 12. Rb1 Be7 13. Rb5 Nb4 14. Qe2 Nxd3
15. cxd3 b6 16. Nb3 Ba6 17. Rc1 Qxc1+ 18. Nxc1 Bxb5 19. Nb3 Rc8 20. Bg3 Bd7 21.
Bd6 Be6 22. Bxe7 Kxe7 23. Qb2 Rhd8 24. Qa3+ Ke8 25. h3 Nd7 26. Nbd4 Rc5 27.
Qxa7 Rdc8 28. Kh2 Ke7 29. Qa3 Kf6 30. Qb2 Kg6 31. Qe2 Re8 32. Nh4+ Kh7 33. Nhf5
Nf6 34. Nd6 Re7 35. N6f5 Re8 36. Nd6 Re7 37. Qb2 Bd7 38. Qxb6 Rc3 39. Qb4 Rc1
40. Ne4 dxe4 41. Qxe7 exd3 42. Qa3 d2 43. Qd3+ Ne4 44. Qxe4+ Kg8 45. Qa8+ Rc8
46. Qf3 Rc1 47. Qa8+ Kh7 48. Qe4+ Kg8 1/2-1/2

[Event "Mitropa Cup 30th"]
[Site "Merlimont"]
[Date "2011.10.10"]
[Round "3"]
[White "Demuth, Adrien"]
[Black "Prohaszka, Peter"]
[Result "0-1"]
[WhiteElo "2440"]
[BlackElo "2553"]
[PlyCount "162"]
[EventDate "2011.10.08"]
[EventType "team-tourn"]
[EventRounds "9"]
[EventCountry "FRA"]
[Source "ChessBase"]
[SourceDate "2011.10.28"]
[WhiteTeam "France"]
[BlackTeam "Hungary"]
[WhiteTeamCountry "FRA"]
[BlackTeamCountry "HUN"]

1. d4 d5 2. c4 c6 3. Nf3 Nf6 4. Nc3 dxc4 5. a4 Bf5 6. e3 e6 7. Bxc4 Bb4 8. O-O
O-O 9. Nh4 Bg6 10. Qb3 Qb6 11. f3 Nbd7 12. Rd1 a5 13. Nxg6 hxg6 14. Bd2 Rad8
15. Be1 Nd5 16. Ne4 Bxe1 17. Rxe1 Qxb3 18. Bxb3 Nb4 19. Red1 Nf6 20. Nc5 Rb8
21. Kf2 Rfd8 22. Ke2 Kf8 23. Nd3 Nxd3 24. Kxd3 c5 25. Ke2 cxd4 26. Rxd4 Rxd4
27. exd4 Ke7 28. Rc1 Kd6 29. Rc5 b6 30. Rb5 Nd7 31. Rg5 Rh8 32. h3 Rc8 33. Kd2
Nf6 34. Rb5 Kc7 35. Re5 Rd8 36. Ke3 Kd6 37. Rb5 Rb8 38. Re5 Ne8 39. Kd3 Nc7 40.
Bc4 Rh8 41. Rg5 Ke7 42. Re5 Rd8 43. Kc3 Kf6 44. Kd3 g5 45. Kc3 Ne8 46. b3 Nd6
47. Bd3 Rd7 48. Bb1 Nc8 49. Be4 Rc7+ 50. Kd2 Nd6 51. Bd3 Rc8 52. Bb1 Rd8 53.
Kc3 Nc8 54. Be4 Nd6 55. Bd3 Ne8 56. Bb5 Nc7 57. Bc4 g6 58. Kd3 Ne8 59. Kc3 Ng7
60. Bd3 Nh5 61. Rb5 Nf4 62. Bf1 Nd5+ 63. Kd2 Rd6 64. Kd3 Ke7 65. g3 f6 66. Be2
Nc7 67. Ke4 Nxb5 68. Bxb5 Rd8 69. Bd3 Rh8 70. Bf1 Kd6 71. f4 gxf4 72. Kxf4 g5+
73. Kg4 Ke7 74. Kf3 f5 75. Ke3 Kf6 76. Kd3 Rc8 77. Kd2 e5 78. dxe5+ Kxe5 79.
Bd3 Rh8 80. Bf1 Kd4 81. Bg2 Re8 0-1

[Event "Mitropa Cup 30th"]
[Site "Merlimont"]
[Date "2011.10.10"]
[Round "3"]
[White "Houriez, Clement"]
[Black "Horvath, Peter"]
[Result "1/2-1/2"]
[WhiteElo "2331"]
[BlackElo "2450"]
[PlyCount "120"]
[EventDate "2011.10.08"]
[EventType "team-tourn"]
[EventRounds "9"]
[EventCountry "FRA"]
[Source "ChessBase"]
[SourceDate "2011.10.28"]
[WhiteTeam "France"]
[BlackTeam "Hungary"]
[WhiteTeamCountry "FRA"]
[BlackTeamCountry "HUN"]

1. d4 d5 2. c4 e6 3. Nf3 Nf6 4. g3 c5 5. cxd5 exd5 6. Bg2 Nc6 7. O-O Be7 8. Nc3
O-O 9. dxc5 Bxc5 10. Na4 Be7 11. Be3 Bg4 12. Rc1 Qd7 13. Nc5 Bxc5 14. Bxc5 Rfe8
15. Re1 Ne4 16. Bd4 Rad8 17. Qd3 Bh3 18. Bh1 Bf5 19. Qb3 Nd6 20. Bc5 Nc4 21.
Nd4 Be4 22. f3 Bg6 23. Nxc6 bxc6 24. Qc3 Rc8 25. b3 Nd6 26. Bg2 h5 27. e4 Nb5
28. Qd2 Qb7 29. e5 Rcd8 30. Qb4 Qa8 31. a4 a5 32. Qd2 Nc7 33. Bb6 Qb7 34. Bxa5
Ra8 35. Bxc7 Qxc7 36. Qxd5 Qb6+ 37. Qc5 Qxb3 38. a5 Qb5 39. Qxb5 cxb5 40. Ra1
Ra6 41. f4 Rb8 42. Bf1 Rba8 43. Bxb5 Rxa5 44. Rxa5 Rxa5 45. Bd7 Bd3 46. f5 Kf8
47. Re3 Rd5 48. e6 fxe6 49. Bxe6 Rd6 50. Kf2 g6 51. fxg6 Bxg6 52. Bc4 Kg7 53.
Be2 Rd2 54. Ra3 Rb2 55. Ke3 Rb6 56. Bc4 Rc6 57. Kd4 Bf7 58. Bd3 Bg6 59. Ra7+
Kh6 60. Ra6 Rxa6 1/2-1/2

[Event "Mitropa Cup 30th"]
[Site "Merlimont"]
[Date "2011.10.10"]
[Round "3"]
[White "Nagy, Gabor"]
[Black "Collas, Didier"]
[Result "0-1"]
[WhiteElo "2404"]
[BlackElo "2403"]
[PlyCount "54"]
[EventDate "2011.10.08"]
[EventType "team-tourn"]
[EventRounds "9"]
[EventCountry "FRA"]
[Source "ChessBase"]
[SourceDate "2011.10.28"]
[WhiteTeam "Hungary"]
[BlackTeam "France"]
[WhiteTeamCountry "HUN"]
[BlackTeamCountry "FRA"]

1. d4 Nf6 2. Nf3 d5 3. c4 dxc4 4. Nc3 a6 5. e4 b5 6. e5 Nd5 7. a4 Bb7 8. e6 f6
9. Be2 Nxc3 10. bxc3 Qd5 11. O-O Qxe6 12. Re1 g6 13. Nh4 Qc8 14. Ba3 Nd7 15.
Qd2 Nb6 16. d5 Nxd5 17. Bf3 c6 18. Qd4 e5 19. Bg4 Qc7 20. Nf3 Bxa3 21. Nxe5 O-O
22. Be6+ Kg7 23. Rxa3 fxe5 24. Rxe5 Nf6 25. g4 Rad8 26. Qc5 Qd6 27. axb5 cxb5
0-1

[Event "Mitropa Cup 30th"]
[Site "Merlimont"]
[Date "2011.10.10"]
[Round "3"]
[White "Rapport, Richard"]
[Black "Brunner, Nicolas"]
[Result "1/2-1/2"]
[WhiteElo "2547"]
[BlackElo "2466"]
[PlyCount "43"]
[EventDate "2011.10.08"]
[EventType "team-tourn"]
[EventRounds "9"]
[EventCountry "FRA"]
[Source "ChessBase"]
[SourceDate "2011.10.28"]
[WhiteTeam "Hungary"]
[BlackTeam "France"]
[WhiteTeamCountry "HUN"]
[BlackTeamCountry "FRA"]

1. d4 Nf6 2. c4 e6 3. Nf3 b6 4. a3 Ba6 5. e3 c6 6. Bd3 d5 7. b3 Nbd7 8. cxd5
Bxd3 9. dxe6 Ba6 10. exd7+ Qxd7 11. Nbd2 Qg4 12. Qc2 Rc8 13. Bb2 Qxg2 14. Rg1
Qh3 15. Rg3 Qe6 16. Ng5 Qe7 17. O-O-O g6 18. Nge4 Nxe4 19. Nxe4 Bg7 20. Kb1 O-O
21. Ng5 Rfd8 22. Qe4 1/2-1/2

[Event "Mitropa Cup 30th"]
[Site "Merlimont"]
[Date "2011.10.10"]
[Round "3"]
[White "Choisy, Mathilde"]
[Black "Nuri, Kambez"]
[Result "1-0"]
[WhiteElo "2203"]
[BlackElo "2309"]
[PlyCount "130"]
[EventDate "2011.10.08"]
[EventType "team-tourn"]
[EventRounds "9"]
[EventCountry "FRA"]
[Source "ChessBase"]
[SourceDate "2011.10.28"]
[WhiteTeam "France II"]
[BlackTeam "Switzerland"]
[WhiteTeamCountry "FRA"]
[BlackTeamCountry "SUI"]

1. d4 Nf6 2. c4 e6 3. Nf3 d5 4. e3 Be7 5. Nc3 O-O 6. Qc2 Nbd7 7. Bd3 dxc4 8.
Bxc4 c5 9. O-O a6 10. a4 Qc7 11. Qe2 b6 12. e4 cxd4 13. Nxd4 Ne5 14. Bb3 Bc5
15. Nf3 Nxf3+ 16. Qxf3 Bb7 17. Bg5 Qe5 18. Bf4 Qh5 19. Bd1 Qg6 20. Bc2 Nd5 21.
Bd2 Nb4 22. Bb1 Nc6 23. e5 f5 24. exf6 Qxf6 25. Qxf6 gxf6 26. Ne4 Be7 27. Be3
f5 28. Nc3 Bc5 29. Re1 Bxe3 30. Rxe3 Nd4 31. Bd3 Rf6 32. f3 Rd8 33. Rd1 Kf7 34.
Kf2 h5 35. Ne2 Nxe2 36. Bxe2 Rxd1 37. Bxd1 Bd5 38. Rc3 a5 39. Bb3 Bxb3 40. Rxb3
e5 41. Rb5 Re6 42. f4 exf4 43. Rxf5+ Kg6 44. Rxf4 Rc6 45. b3 Kg5 46. Rc4 Re6
47. Kf3 Re5 48. h4+ Kf5 49. g4+ hxg4+ 50. Rxg4 Kf6 51. Rg5 Re6 52. Rb5 Kg6 53.
Kf4 Kh6 54. Re5 Rg6 55. Rb5 Re6 56. Kf5 Rc6 57. Ke4 Re6+ 58. Re5 Rd6 59. Rd5
Rg6 60. h5 Re6+ 61. Kd4 Rc6 62. Ke5 Kxh5 63. Rd6 Rc1 64. Rxb6 Rd1 65. Rb5 Kg6
1-0

[Event "Mitropa Cup 30th"]
[Site "Merlimont"]
[Date "2011.10.10"]
[Round "3"]
[White "Bluebaum, Matthias"]
[Black "Petenyi, Tamas"]
[Result "1/2-1/2"]
[WhiteElo "2388"]
[BlackElo "2347"]
[PlyCount "133"]
[EventDate "2011.10.08"]
[EventType "team-tourn"]
[EventRounds "9"]
[EventCountry "FRA"]
[Source "ChessBase"]
[SourceDate "2011.10.28"]
[WhiteTeam "Germany"]
[BlackTeam "Slovakia"]
[WhiteTeamCountry "GER"]
[BlackTeamCountry "SVK"]

1. d4 Nf6 2. c4 e6 3. g3 d5 4. Nf3 dxc4 5. Bg2 c5 6. O-O Nc6 7. dxc5 Bxc5 8.
Qxd8+ Nxd8 9. Ne5 Bd7 10. Nd2 Rc8 11. Ndxc4 Bb5 12. Be3 O-O 13. Bxc5 Rxc5 14.
Rac1 Nc6 15. Nxc6 Bxc6 16. Bxc6 Rxc6 17. Ne5 Rcc8 18. Rfd1 g6 19. Kg2 Kg7 20.
Nc4 Rfd8 21. Rxd8 Rxd8 22. Ne5 Rd5 23. f4 Nd7 24. Nd3 Nf6 25. Kf3 Rd7 26. Ne5
Re7 27. Kf2 Nd5 28. e4 Nb6 29. b3 f5 30. Ke3 Kf6 31. Rd1 Rc7 32. Rd8 Rc8 33.
Rd2 Rc3+ 34. Kd4 Rc7 35. Ke3 Rc3+ 36. Rd3 Rc7 37. Rd8 Rc8 38. Rxc8 Nxc8 39. Nd3
b6 40. e5+ Ke7 41. Kd4 Kd7 42. Kc4 Ne7 43. Kb5 Kc7 44. Nb4 Kb7 45. Nc2 a6+ 46.
Kc4 Kc6 47. Nb4+ Kb7 48. a3 Nc6 49. Nd3 Ne7 50. Ne1 Kc6 51. Nf3 h6 52. a4 Nd5
53. Nd4+ Kd7 54. a5 bxa5 55. Kc5 Ne3 56. Kb6 g5 57. Kxa5 gxf4 58. gxf4 Nd5 59.
Kxa6 Nxf4 60. b4 Nd3 61. b5 Nxe5 62. b6 Kd6 63. Nb5+ Kc6 64. Nc7 Nd7 65. Nxe6
Nxb6 66. Nd4+ Kd5 67. Nxf5 1/2-1/2

[Event "Mitropa Cup 30th"]
[Site "Merlimont"]
[Date "2011.10.10"]
[Round "3"]
[White "Mazur, Stefan"]
[Black "Heimann, Andreas"]
[Result "0-1"]
[WhiteElo "2372"]
[BlackElo "2485"]
[PlyCount "76"]
[EventDate "2011.10.08"]
[EventType "team-tourn"]
[EventRounds "9"]
[EventCountry "FRA"]
[Source "ChessBase"]
[SourceDate "2011.10.28"]
[WhiteTeam "Slovakia"]
[BlackTeam "Germany"]
[WhiteTeamCountry "SVK"]
[BlackTeamCountry "GER"]

1. e4 e5 2. Nf3 Nc6 3. Bb5 Nf6 4. d3 Bc5 5. c3 O-O 6. O-O Re8 7. Bg5 h6 8. Bh4
a6 9. Bxc6 dxc6 10. d4 exd4 11. cxd4 Ba7 12. Nc3 g5 13. Bg3 Nxe4 14. Nxe4 Rxe4
15. Re1 Rxe1+ 16. Qxe1 Bg4 17. Ne5 Be6 18. Rd1 Qd5 19. Qe2 Kg7 20. h4 f6 21.
Qd3 Bf7 22. Ng4 Bg6 23. Qc3 Re8 24. Ne3 Qd7 25. hxg5 hxg5 26. a4 Re4 27. Qb4 b5
28. Qa5 Rxd4 29. Ra1 Rd2 30. axb5 cxb5 31. Qc3 Bb6 32. Rxa6 Qd4 33. Qa3 b4 34.
Qa2 Rxb2 35. Qe6 Rb1+ 36. Kh2 Qd8 37. Bd6 Bxe3 38. fxe3 Qh8+ 0-1

[Event "Mitropa Cup 30th"]
[Site "Merlimont"]
[Date "2011.10.10"]
[Round "3"]
[White "Michalik, Peter"]
[Black "Huschenbeth, Niclas"]
[Result "0-1"]
[WhiteElo "2511"]
[BlackElo "2510"]
[PlyCount "120"]
[EventDate "2011.10.08"]
[EventType "team-tourn"]
[EventRounds "9"]
[EventCountry "FRA"]
[Source "ChessBase"]
[SourceDate "2011.10.28"]
[WhiteTeam "Slovakia"]
[BlackTeam "Germany"]
[WhiteTeamCountry "SVK"]
[BlackTeamCountry "GER"]

1. d4 Nf6 2. c4 e6 3. g3 c5 4. d5 exd5 5. cxd5 d6 6. Nc3 g6 7. Nf3 Bg7 8. Bg2
O-O 9. O-O Re8 10. Bf4 Ne4 11. Nxe4 Rxe4 12. Nd2 Rxf4 13. gxf4 Bxb2 14. Rb1 Bg7
15. e4 Bh6 16. Qf3 Nd7 17. Nc4 Nb6 18. Ne3 Qf6 19. f5 Bxe3 20. Qxe3 gxf5 21.
Qf4 Nc4 22. Rb3 Ne5 23. exf5 Kh8 24. Rh3 Bd7 25. Be4 Rg8+ 26. Rg3 Ng6 27. Qg5
Qxg5 28. Rxg5 Nf4 29. Rxg8+ Kxg8 30. f6 Nh5 31. Rb1 b6 32. Kg2 Nxf6 33. Kf3 Kf8
34. Kf4 h6 35. Rd1 Nh5+ 36. Ke3 b5 37. a3 a5 38. Bd3 Nf6 39. Be2 Ke7 40. Kf4
Kd8 41. Bf3 Bc8 42. Be2 b4 43. axb4 axb4 44. Bf3 Kc7 45. h4 Kb6 46. Ke3 Bb7 47.
Kd3 Kb5 48. Ke3 b3 49. Ra1 Bxd5 50. Be2+ Bc4 51. Bf3 Kb4 52. Kd2 Bb5 53. Ra7 c4
54. Rb7 d5 55. Kc1 Nd7 56. Bxd5 Nc5 57. Rb8 c3 58. Kd1 c2+ 59. Kd2 Nd3 60. Rc8
c1=Q+ 0-1

[Event "Mitropa Cup 30th"]
[Site "Merlimont"]
[Date "2011.10.10"]
[Round "3"]
[White "Prusikin, Michael"]
[Black "Pacher, Milan"]
[Result "1-0"]
[WhiteElo "2541"]
[BlackElo "2403"]
[PlyCount "41"]
[EventDate "2011.10.08"]
[EventType "team-tourn"]
[EventRounds "9"]
[EventCountry "FRA"]
[Source "ChessBase"]
[SourceDate "2011.10.28"]
[WhiteTeam "Germany"]
[BlackTeam "Slovakia"]
[WhiteTeamCountry "GER"]
[BlackTeamCountry "SVK"]

1. Nf3 Nf6 2. g3 d5 3. Bg2 c6 4. c4 dxc4 5. O-O Nbd7 6. Na3 Nb6 7. Qc2 Be6 8.
Ne5 Qd4 9. Nxc6 bxc6 10. Bxc6+ Nfd7 11. Bxa8 Nxa8 12. d3 Nab6 13. dxc4 Bh3 14.
Rd1 Qc5 15. Qe4 e6 16. Be3 Qc8 17. c5 Bf5 18. Qf4 Bxc5 19. Rac1 O-O 20. Bxc5
Nxc5 21. Qe3 1-0

[Event "Mitropa Cup 30th"]
[Site "Merlimont"]
[Date "2011.10.11"]
[Round "4"]
[White "Barbot, Pierre"]
[Black "Halvax, Georg"]
[Result "1-0"]
[WhiteElo "2225"]
[BlackElo "2326"]
[PlyCount "88"]
[EventDate "2011.10.08"]
[EventType "team-tourn"]
[EventRounds "9"]
[EventCountry "FRA"]
[Source "ChessBase"]
[SourceDate "2011.10.28"]
[WhiteTeam "France III"]
[BlackTeam "Austria"]
[WhiteTeamCountry "FRA"]
[BlackTeamCountry "AUT"]

1. e4 e5 2. d4 exd4 3. Nf3 Nc6 4. Nxd4 Nf6 5. Nxc6 bxc6 6. e5 Qe7 7. Qe2 Nd5 8.
c4 Nb6 9. Nc3 Qe6 10. Qe4 g6 11. Bd3 Bg7 12. f4 O-O 13. O-O Ba6 14. b3 d5 15.
cxd5 cxd5 16. Qe2 Bxd3 17. Qxd3 c5 18. Ba3 Rac8 19. Rac1 f6 20. Ne2 fxe5 21.
Bxc5 Rxc5 22. Rxc5 e4 23. Qe3 Qd6 24. Rcc1 Nc8 25. Rfd1 Ne7 26. Qxa7 Nf5 27.
Rc7 Qf6 28. g4 Nh4 29. Rxg7+ Qxg7 30. Qxg7+ Kxg7 31. Rxd5 Nf3+ 32. Kg2 Rc8 33.
Nd4 Nxd4 34. Rxd4 Rc2+ 35. Kg3 Rxa2 36. Rxe4 Rb2 37. Re7+ Kf6 38. Rb7 h6 39. h4
h5 40. Rb6+ Kg7 41. gxh5 gxh5 42. f5 Kf7 43. b4 Rb1 44. Kf4 Rg1 1-0

[Event "Mitropa Cup 30th"]
[Site "Merlimont"]
[Date "2011.10.11"]
[Round "4"]
[White "Delorme, Alban"]
[Black "Diermair, Andreas"]
[Result "0-1"]
[WhiteElo "2306"]
[BlackElo "2414"]
[PlyCount "90"]
[EventDate "2011.10.08"]
[EventType "team-tourn"]
[EventRounds "9"]
[EventCountry "FRA"]
[Source "ChessBase"]
[SourceDate "2011.10.28"]
[WhiteTeam "France III"]
[BlackTeam "Austria"]
[WhiteTeamCountry "FRA"]
[BlackTeamCountry "AUT"]

1. e4 e5 2. Nf3 Nc6 3. Nc3 Nf6 4. Bb5 Bd6 5. d3 a6 6. Ba4 h6 7. a3 b5 8. Bb3
Bc5 9. O-O d6 10. Be3 O-O 11. Nd5 Be6 12. Qd2 Ng4 13. Bxc5 dxc5 14. Qc3 Qd6 15.
h3 Nd4 16. Rfe1 c6 17. hxg4 cxd5 18. Bxd5 Bxd5 19. exd5 Qxd5 20. Nxd4 cxd4 21.
Qb3 Rfd8 22. a4 Qxb3 23. cxb3 f6 24. Rec1 Rdc8 25. Kf1 Rab8 26. Ke1 Rxc1+ 27.
Rxc1 bxa4 28. bxa4 Rb4 29. Rc4 Rb3 30. Rc6 Rxd3 31. Rxa6 Rb3 32. a5 Rxb2 33.
Rb6 Ra2 34. a6 Kh7 35. g3 Kg6 36. f4 exf4 37. gxf4 h5 38. gxh5+ Kxh5 39. Rd6
Kg4 40. Rxd4 Rxa6 41. Ke2 g6 42. Rb4 Kg3 43. Re4 Ra2+ 44. Ke3 Ra3+ 45. Ke2 Rf3
0-1

[Event "Mitropa Cup 30th"]
[Site "Merlimont"]
[Date "2011.10.11"]
[Round "4"]
[White "Kreisl, Robert"]
[Black "Tripoteau, Nicolas"]
[Result "1-0"]
[WhiteElo "2402"]
[BlackElo "2397"]
[PlyCount "77"]
[EventDate "2011.10.08"]
[EventType "team-tourn"]
[EventRounds "9"]
[EventCountry "FRA"]
[Source "ChessBase"]
[SourceDate "2011.10.28"]
[WhiteTeam "Austria"]
[BlackTeam "France III"]
[WhiteTeamCountry "AUT"]
[BlackTeamCountry "FRA"]

1. Nf3 Nf6 2. g3 b6 3. Bg2 Bb7 4. O-O c5 5. c4 e6 6. Nc3 a6 7. Re1 d6 8. e4 Qc7
9. d4 cxd4 10. Nxd4 Be7 11. Be3 O-O 12. Rc1 Nbd7 13. f4 Rad8 14. Nd5 exd5 15.
cxd5 Qb8 16. Nc6 Bxc6 17. dxc6 Nc5 18. b4 Ne6 19. f5 Nc7 20. Qf3 h6 21. h4 Rfe8
22. g4 d5 23. e5 Ne4 24. f6 Bf8 25. g5 hxg5 26. hxg5 Rxe5 27. Bf4 Nxg5 28. Qg3
Rxe1+ 29. Rxe1 Re8 30. Bxg5 Rxe1+ 31. Qxe1 Qa8 32. Qc3 Nb5 33. Qc2 Qe8 34. Qd2
Qxc6 35. Bxd5 Qc8 36. Qg2 Qc3 37. fxg7 Qd4+ 38. Kh2 Bxb4 39. Bxf7+ 1-0